[Event "Sydney International Open"]
[Site "Parramatta, NSW"]
[Date "2009.04.17"]
[Round "6.28"]
[White "Holland, Dennis"]
[Black "Bird, Andrew"]
[Result "0-1"]
[WhiteElo "1963"]
[BlackElo "2146"]
[Annotator "The House Of Kramnik"]
[PlyCount "60"]
[EventDate "2009.04.15"]
[EventType "swiss"]
[EventRounds "9"]
[EventCountry "AUS"]
[SourceDate "2009.04.15"]

1. d4 d5 2. c4 c6 3. e3 Bf5 4. Nc3 e6 5. Qb3 Qb6 6. c5 Qc7 7. Nf3 Nd7 8. Nh4
Bg4 9. Qc2 (9. h3 Bh5 10. g4 Bg6 11. Bg2 Be7 12. Nxg6 hxg6 13. O-O {
seems more sensible.}) 9... Be7 10. Nf3 Bxf3 11. gxf3 e5 12. Bd2 exd4 13. exd4
Bf6 14. Be3 Ne7 15. Bd3 Nf8 16. O-O-O Ne6 17. Be2 g6 18. Kb1 Nf5 19. Qa4 O-O
$17 20. Rd2 b5 21. Qd1 b4 22. Na4 Nf4 23. b3 Rfe8 24. Bxf4 Qxf4 25. Ba6 Nxd4
26. Rd3 Re7 27. Rg1 Rae8 28. Rg4 Qf5 29. Rg1 Ne2 30. Rf1 Qe5 0-1

[Event "Sydney International Open"]
[Site "Parramatta, NSW"]
[Date "2009.04.17"]
[Round "6.29"]
[White "Broekhuyse, Paul"]
[Black "Siddiqi, Shan"]
[Result "1/2-1/2"]
[WhiteElo "2118"]
[BlackElo "1683"]
[PlyCount "42"]
[EventDate "2009.04.15"]
[EventType "swiss"]
[EventRounds "9"]
[EventCountry "AUS"]
[SourceDate "2009.04.15"]

1. e4 c5 2. Nf3 Nc6 3. d4 cxd4 4. Nxd4 Nf6 5. Nc3 e5 6. Ndb5 d6 7. Nd5 Nxd5 8.
exd5 Ne7 9. c4 Ng6 10. Be2 a6 11. Nc3 Be7 12. O-O O-O 13. Be3 f5 14. f3 Bg5 15.
Bf2 Bh4 16. Qe1 Bxf2+ 17. Qxf2 Nf4 18. c5 Rf6 19. Kh1 Rg6 20. g3 Nh3 21. Qg2
Nf4 1/2-1/2

[Event "Sydney International Open"]
[Site "Parramatta, NSW"]
[Date "2009.04.17"]
[Round "6.30"]
[White "Lee, Bryan"]
[Black "McNamara, Gary"]
[Result "0-1"]
[WhiteElo "1918"]
[BlackElo "2114"]
[PlyCount "70"]
[EventDate "2009.04.15"]
[EventType "swiss"]
[EventRounds "9"]
[EventCountry "AUS"]
[SourceDate "2009.04.15"]

1. e4 c5 2. Nf3 d6 3. d4 cxd4 4. Nxd4 Nf6 5. Nc3 a6 6. Be2 e5 7. Nb3 Be7 8. O-O
Nc6 9. Be3 O-O 10. Qd2 Be6 11. Rad1 b5 12. f3 Qc7 13. Bg5 Rfd8 14. Qe1 b4 15.
Bxf6 Bxf6 16. Nd5 Bxd5 17. exd5 Ne7 18. Qxb4 Qxc2 19. Bd3 Qc7 20. Qe4 g6 21.
Be2 Bg7 22. Qd3 a5 23. Kh1 Rdb8 24. Rd2 a4 25. Na1 Bh6 26. Rc2 Qb7 27. Rd1 Nf5
28. Rb1 Nd4 29. Rc4 Nxe2 30. Qxe2 Qxd5 31. b3 axb3 32. Rxb3 Rxb3 33. Nxb3 Rxa2
34. Qf1 Rb2 35. Na1 Qxc4 0-1

[Event "Sydney International Open"]
[Site "Parramatta, NSW"]
[Date "2009.04.17"]
[Round "6.31"]
[White "Pon, N Krithikha"]
[Black "Selnes, Hamish"]
[Result "1-0"]
[WhiteElo "2180"]
[BlackElo "1921"]
[PlyCount "83"]
[EventDate "2009.04.15"]
[EventType "swiss"]
[EventRounds "9"]
[EventCountry "AUS"]
[SourceDate "2009.04.15"]

1. e4 e6 2. d4 d5 3. Nc3 Nf6 4. Bg5 Bb4 5. e5 h6 6. Bd2 Bxc3 7. Bxc3 Ne4 8. Bd3
Nxc3 9. bxc3 b6 10. Nh3 Ba6 11. Qg4 Kf8 12. O-O Bxd3 13. cxd3 h5 14. Qg3 Nc6
15. Qf4 Ne7 16. f3 Ng6 17. Qe3 Qh4 18. f4 Ne7 19. Ng5 Qg4 20. Rae1 Qf5 21. Rd1
Ke8 22. c4 Kd7 23. Qc1 Rhc8 24. Qa3 Ke8 25. Rd2 c5 26. cxd5 Nxd5 27. Ne4 Rd8
28. Nd6+ Rxd6 29. exd6 cxd4 30. Qa4+ Kd8 31. Qxd4 f6 32. Qe4 Kd7 33. g3 Rc8 34.
Qa4+ Kxd6 35. Qxa7 g6 36. Qa3+ Kd7 37. Re1 Qg4 38. Rde2 Rc6 39. Qa4 Kc7 40.
Qa7+ Kd8 41. Qf7 Nxf4 42. Qxf6+ 1-0

[Event "Sydney International Open"]
[Site "Parramatta, NSW"]
[Date "2009.04.17"]
[Round "6.32"]
[White "Gibbons, Bob"]
[Black "Lester, George"]
[Result "1/2-1/2"]
[WhiteElo "2067"]
[BlackElo "1801"]
[PlyCount "89"]
[EventDate "2009.04.15"]
[EventType "swiss"]
[EventRounds "9"]
[EventCountry "AUS"]
[SourceDate "2009.04.15"]

1. c4 Nf6 2. Nc3 g6 3. g3 Bg7 4. Bg2 d6 5. Nf3 O-O 6. O-O e5 7. Qc2 Nc6 8. a3
Bg4 9. e3 Qd7 10. Re1 Nh5 11. d3 Bh3 12. Bh1 f5 13. Ng5 f4 14. Nxh3 Qxh3 15.
Qe2 fxg3 16. fxg3 Kh8 17. Bd2 Nf6 18. Bg2 Qd7 19. Rf1 Ng8 20. b4 Rae8 21. Rxf8
Rxf8 22. Rf1 Rxf1+ 23. Qxf1 Nf6 24. Nd5 Nxd5 25. Bxd5 Nd8 26. Bg2 c6 27. Bh3
Qe7 28. Qf3 Kg8 29. Kf2 Qf7 30. a4 Kf8 31. b5 Qxf3+ 32. Kxf3 Ke7 33. e4 h6 34.
Be3 c5 35. Bc8 b6 36. Bd2 Nf7 37. a5 Bf6 38. h4 h5 39. a6 Kf8 40. Be6 g5 41. g4
gxh4 42. Bxf7 hxg4+ 43. Kxg4 Kxf7 44. Be1 Kg6 45. Bxh4 1/2-1/2

[Event "Sydney International Open"]
[Site "Parramatta, NSW"]
[Date "2009.04.17"]
[Round "6.33"]
[White "Bennett, Hilton"]
[Black "Anton, Sarah"]
[Result "1-0"]
[WhiteElo "2028"]
[BlackElo "1718"]
[PlyCount "45"]
[EventDate "2009.04.15"]
[EventType "swiss"]
[EventRounds "9"]
[EventCountry "AUS"]
[SourceDate "2009.04.15"]

1. e4 c5 2. Nc3 Nc6 3. f4 e6 4. Nf3 d6 5. Bc4 Nf6 6. d3 Be7 7. Bb3 a6 8. a4 O-O
9. O-O Rb8 10. Qe1 b5 11. axb5 axb5 12. Kh1 Qc7 13. Qg3 Rd8 14. e5 Ne8 15. Ne4
d5 16. Neg5 f6 17. exf6 Bxf6 18. c3 Nd6 19. Re1 Re8 20. Bd2 Nf5 21. Qh3 g6 22.
Bxd5 h6 23. Nxe6 1-0

[Event "Sydney International Open"]
[Site "Parramatta, NSW"]
[Date "2009.04.17"]
[Round "6.35"]
[White "Stojic, Svetozar"]
[Black "Ousmand, Nizami"]
[Result "1-0"]
[WhiteElo "1989"]
[BlackElo "1575"]
[PlyCount "107"]
[EventDate "2009.04.15"]
[EventType "swiss"]
[EventRounds "9"]
[EventCountry "AUS"]
[SourceDate "2009.04.15"]

1. e4 e6 2. d4 d5 3. e5 c5 4. c3 Qb6 5. Nf3 Nc6 6. a3 Bd7 7. b4 cxb4 8. axb4
Rc8 9. Bd3 f6 10. O-O a6 11. Re1 Na7 12. exf6 Nxf6 13. Ng5 g6 14. Qe2 Rc6 15.
c4 Bxb4 16. cxd5 Nxd5 17. Nxh7 Kd8 18. Bg5+ Kc8 19. Qe5 Rxh7 20. Bxg6 Bd6 21.
Qe4 Rh8 22. h4 Nb5 23. h5 Qxd4 24. Nd2 Bc5 25. Rf1 Nd6 26. Qf3 Qg7 27. Nb3 Rf8
28. h6 Qh8 29. Qd3 Nf5 30. Nxc5 Rxc5 31. Qh3 Nde7 32. Bh5 Nc6 33. Bg4 Rg8 34.
Bd2 Qd4 35. h7 Rh8 36. Bxf5 exf5 37. Be3 Qe5 38. Bxc5 Qxc5 39. Qg3 Qf8 40. Qg6
Qe8 41. Qg7 Qf8 42. Qg6 Be8 43. Qe6+ Kb8 44. Rfe1 Bh5 45. Rab1 Kc7 46. Qb3 b5
47. Rbc1 Rxh7 48. Re6 Be8 49. Qd5 Kb8 50. Rcxc6 Bxc6 51. Qxc6 Rh8 52. Qb6+ Kc8
53. Rc6+ Kd7 54. Rc7+ 1-0

[Event "Sydney International Open"]
[Site "Parramatta, NSW"]
[Date "2009.04.17"]
[Round "6.37"]
[White "Muller, Jonas"]
[Black "Ousmand, Vineths"]
[Result "1-0"]
[WhiteElo "1981"]
[BlackElo "1331"]
[PlyCount "49"]
[EventDate "2009.04.15"]
[EventType "swiss"]
[EventRounds "9"]
[EventCountry "AUS"]
[SourceDate "2009.04.15"]

1. e4 e6 2. d4 d5 3. e5 c5 4. c3 Qb6 5. Nf3 Nc6 6. a3 Bd7 7. b4 cxd4 8. cxd4
Nge7 9. Be3 Nf5 10. Bd3 Nfxd4 11. Nxd4 Nxd4 12. O-O a5 13. Qg4 axb4 14. Bxd4
Qc7 15. axb4 Rc8 16. Nc3 g6 17. Nb5 Qd8 18. Rfc1 Rxc1+ 19. Rxc1 h5 20. Qxg6
Bxb4 21. Qg7 Rf8 22. Bc5 Bxc5 23. Rxc5 Qb6 24. Nd6+ Ke7 25. Qf6# 1-0

[Event "Sydney International Open"]
[Site "Parramatta, NSW"]
[Date "2009.04.17"]
[Round "6.40"]
[White "Jule, Sebastian"]
[Black "Rosario, Amiel"]
[Result "1/2-1/2"]
[WhiteElo "1847"]
[BlackElo "1969"]
[PlyCount "54"]
[EventDate "2009.04.15"]
[EventType "swiss"]
[EventRounds "9"]
[EventCountry "AUS"]
[SourceDate "2009.04.15"]

1. d4 Nf6 2. c4 g6 3. Nc3 Bg7 4. e4 d6 5. f4 O-O 6. Nf3 c5 7. dxc5 dxc5 8. Bd3
Bg4 9. e5 Nfd7 10. Be4 Nc6 11. Qa4 Nb6 12. Qb5 Bxf3 13. gxf3 Nd4 14. Qxc5 Rc8
15. Qa5 Nxc4 16. Qxd8 Rfxd8 17. O-O b5 18. Nd5 Bf8 19. b3 Nb6 20. Nxb6 axb6 21.
Be3 e6 22. Kh1 Ba3 23. Rfd1 Bc5 24. Rac1 Nxb3 25. Rxd8+ Rxd8 26. Re1 Bxe3 27.
Rxe3 Rd1+ 1/2-1/2

[Event "Sydney International Open"]
[Site "Parramatta, NSW"]
[Date "2009.04.17"]
[Round "6.41"]
[White "Guo, Emma"]
[Black "Tan, Kevin"]
[Result "1-0"]
[WhiteElo "1845"]
[BlackElo "1956"]
[PlyCount "47"]
[EventDate "2009.04.15"]
[EventType "swiss"]
[EventRounds "9"]
[EventCountry "AUS"]
[SourceDate "2009.04.15"]

1. e4 c5 2. Nc3 Nc6 3. f4 g6 4. Nf3 Bg7 5. Bb5 Nd4 6. Bd3 e6 7. Nxd4 cxd4 8.
Nb5 Qb6 9. e5 Bf8 10. c3 dxc3 11. dxc3 f6 12. Qf3 a6 13. Be3 Bc5 14. Nd6+ Ke7
15. Bxc5 Qxc5 16. O-O-O fxe5 17. fxe5 Qxe5 18. Nf7 Qg7 19. Nxh8 Qxh8 20. Rhf1
Qf6 21. Qg4 Qe5 22. Qh4+ Nf6 23. Rde1 g5 24. Qh6 1-0

[Event "Sydney International Open"]
[Site "Parramatta, NSW"]
[Date "2009.04.17"]
[Round "6.42"]
[White "Grigg, Sam"]
[Black "Barisic, Frank"]
[Result "1-0"]
[WhiteElo "1927"]
[BlackElo "1615"]
[PlyCount "75"]
[EventDate "2009.04.15"]
[EventType "swiss"]
[EventRounds "9"]
[EventCountry "AUS"]
[SourceDate "2009.04.15"]

1. c4 c5 2. Nc3 Nc6 3. g3 g6 4. Bg2 Bg7 5. d3 d6 6. Rb1 Nf6 7. a3 a6 8. Bd2 Bd7
9. Qc1 Rb8 10. Bh6 O-O 11. h4 Ng4 12. Bxg7 Kxg7 13. h5 Rh8 14. h6+ Kg8 15. b4
b6 16. Nf3 Nce5 17. Nd5 Bc6 18. bxc5 Bxd5 19. cxd5 bxc5 20. Nxe5 Nxe5 21. O-O
Ng4 22. Rxb8 Qxb8 23. f3 Ne5 24. Qb1 Qf8 25. Qc1 f6 26. Bh3 Nf7 27. Be6 g5 28.
f4 Qxh6 29. fxg5 Qg6 30. Qf4 Kg7 31. gxf6+ exf6 32. Bxf7 Kxf7 33. Qxd6 Rg8 34.
Qc7+ Kf8 35. Qxc5+ Kg7 36. Qe7+ Qf7 37. Qxf7+ Kxf7 38. Kf2 1-0

[Event "Sydney International Open"]
[Site "Parramatta, NSW"]
[Date "2009.04.17"]
[Round "6.43"]
[White "Wang, Oscar"]
[Black "Encel, Benjamin"]
[Result "1/2-1/2"]
[WhiteElo "1910"]
[BlackElo "1838"]
[PlyCount "82"]
[EventDate "2009.04.15"]
[EventType "swiss"]
[EventRounds "9"]
[EventCountry "AUS"]
[SourceDate "2009.04.15"]

1. e4 c5 2. Nf3 g6 3. d4 cxd4 4. Nxd4 Nc6 5. Be3 Bg7 6. Nxc6 bxc6 7. c3 Nf6 8.
Bd3 d5 9. exd5 cxd5 10. O-O O-O 11. Nd2 Qc7 12. h3 e5 13. Nb3 Rd8 14. Qc1 Ne4
15. Rd1 f5 16. Qc2 Nf6 17. Rac1 f4 18. Bc5 e4 19. Bf1 f3 20. Be3 Nh5 21. c4
fxg2 22. Bxg2 Nf4 23. cxd5 Qe5 24. Bxf4 Qxf4 25. Qxe4 Qxe4 26. Bxe4 Bxb2 27.
Rc2 Be5 28. Kg2 Bb7 29. Nc5 Rab8 30. f3 Ba8 31. Rdd2 Kf7 32. Ne6 Rd7 33. f4 Bd6
34. Rb2 Re8 35. Kf3 Kf6 36. Rb5 Rc8 37. Rb3 Rc4 38. Rdd3 Re7 39. Rd4 Rc1 40. a4
Rh1 41. Ke2 Rh2+ 1/2-1/2

[Event "Sydney International Open"]
[Site "Parramatta, NSW"]
[Date "2009.04.17"]
[Round "6.44"]
[White "Yu, Sally"]
[Black "Camer, Angelito"]
[Result "0-1"]
[WhiteElo "1819"]
[BlackElo "2013"]
[PlyCount "76"]
[EventDate "2009.04.15"]
[EventType "swiss"]
[EventRounds "9"]
[EventCountry "AUS"]
[SourceDate "2009.04.15"]

1. e4 c5 2. Nf3 d6 3. d4 cxd4 4. Nxd4 Nf6 5. Nc3 a6 6. f4 Qc7 7. Be2 e6 8. O-O
Be7 9. Qe1 Nc6 10. Be3 Bd7 11. Rb1 O-O 12. Qg3 Nxd4 13. Bxd4 Bc6 14. Bd3 Ne8
15. e5 f5 16. exd6 Qxd6 17. Be5 Qc5+ 18. Kh1 Bf6 19. Rbe1 Qe7 20. Bxf6 Rxf6 21.
Qg5 Nd6 22. Rf2 Qf7 23. Qg3 Qh5 24. Be2 Qh6 25. Qe3 Qh4 26. b3 Rh6 27. h3 Qxh3+
28. Qxh3 Rxh3+ 29. Kg1 Rxc3 30. Bd3 Ne4 31. Rfe2 Kf7 32. g4 g6 33. Kh2 Rd8 34.
a4 Nc5 35. Bc4 Be4 36. gxf5 gxf5 37. Rc1 Rg8 38. Rd2 Rg4 0-1

[Event "Sydney International Open"]
[Site "Parramatta, NSW"]
[Date "2009.04.17"]
[Round "6.45"]
[White "Jule, Alexandra"]
[Black "Brockman, Roland"]
[Result "1/2-1/2"]
[WhiteElo "1928"]
[BlackElo "1764"]
[PlyCount "96"]
[EventDate "2009.04.15"]
[EventType "swiss"]
[EventRounds "9"]
[EventCountry "AUS"]
[SourceDate "2009.04.15"]

1. d4 d5 2. Nf3 Nf6 3. e3 e6 4. Nbd2 c5 5. c3 Nc6 6. Bd3 Bd6 7. b3 O-O 8. Bb2
Re8 9. O-O e5 10. dxe5 Nxe5 11. Nxe5 Bxe5 12. Nf3 Bd6 13. c4 dxc4 14. Bxc4 Bg4
15. Qe2 Qe7 16. Rad1 Red8 17. Rfe1 a6 18. a4 Bc7 19. Rxd8+ Rxd8 20. Rd1 h6 21.
Rxd8+ Qxd8 22. h3 Be6 23. Bxe6 fxe6 24. Be5 Bxe5 25. Nxe5 Qd5 26. Nc4 Qe4 27.
Qd1 Qd5 28. Qc2 b5 29. axb5 axb5 30. Na3 b4 31. Nc4 Ne4 32. Nb6 Qd2 33. Qxe4
Qd1+ 34. Kh2 Qd6+ 35. f4 Qxb6 36. Qc4 Kf8 37. h4 Qd6 38. Qe4 Qd5 39. Qc2 Ke7
40. g3 e5 41. Qb2 Kd6 42. Qc2 exf4 43. gxf4 Qe6 44. Qd3+ Qd5 45. Qg6+ Qe6 46.
Qd3+ Qd5 47. Qg6+ Qe6 48. Qd3+ Qd5 1/2-1/2

[Event "Sydney International Open"]
[Site "Parramatta, NSW"]
[Date "2009.04.17"]
[Round "6.46"]
[White "Ruan, Harry"]
[Black "Tsagarakis, Angelo"]
[Result "1-0"]
[WhiteElo "1815"]
[BlackElo "1919"]
[PlyCount "69"]
[EventDate "2009.04.15"]
[EventType "swiss"]
[EventRounds "9"]
[EventCountry "AUS"]
[SourceDate "2009.04.15"]

1. e4 c5 2. c3 d5 3. exd5 Qxd5 4. d4 Nf6 5. Nf3 Bg4 6. Be2 e6 7. h3 Bh5 8. Be3
cxd4 9. cxd4 Bb4+ 10. Nc3 O-O 11. O-O Qa5 12. Qb3 Nc6 13. a3 Bxc3 14. bxc3 b6
15. c4 Rfd8 16. Rad1 Rac8 17. Rc1 Qa6 18. Qa2 Qb7 19. g4 Bg6 20. Nh4 Be4 21. f3
Qb8 22. fxe4 Qg3+ 23. Ng2 Nxe4 24. Bd3 Nf6 25. g5 Nh5 26. Qf2 Qxh3 27. Qh4 Qf3
28. Be4 Qe2 29. Rce1 Qb2 30. Bxc6 Rxc6 31. Qxh5 Qxa3 32. Ra1 Qb3 33. Rxa7 Rf8
34. Qf3 Rxc4 35. Rxf7 1-0

[Event "Sydney International Open"]
[Site "Parramatta, NSW"]
[Date "2009.04.17"]
[Round "6.47"]
[White "Wan, Kinto"]
[Black "Lau, Joshua"]
[Result "1/2-1/2"]
[WhiteElo "1402"]
[BlackElo "1862"]
[PlyCount "84"]
[EventDate "2009.04.15"]
[EventType "swiss"]
[EventRounds "9"]
[EventCountry "AUS"]
[SourceDate "2009.04.15"]

1. e4 c5 2. Nf3 d6 3. d4 cxd4 4. Nxd4 Nf6 5. Nc3 g6 6. Be3 Bg7 7. f3 Nc6 8. Qd2
O-O 9. g4 Ne5 10. Be2 Bd7 11. h4 Rc8 12. Bh6 Nc4 13. Bxc4 Rxc4 14. Bxg7 Kxg7
15. h5 Rh8 16. hxg6 {White offered a draw.} hxg6 17. O-O-O Rc8 18. Rh2 Rxh2 19.
Qxh2 Qh8 20. Qg2 Qh4 21. Rh1 Qg5+ 22. Qd2 Qxd2+ 23. Kxd2 Rh8 24. Rxh8 Kxh8 25.
Nd5 Nxd5 26. exd5 Kg7 27. Ke3 Kf6 28. c4 g5 29. Ke4 e6 30. b3 a6 31. a4 Kg6 32.
Ke3 {White offered a draw.} e5 33. Nc2 f5 34. gxf5+ Bxf5 35. Na3 Kf6 36. a5 Ke7
37. b4 Bh3 38. c5 Bf1 39. Kf2 Bd3 40. Ke3 Bf1 41. Kf2 Bd3 42. Ke3 Bf1 1/2-1/2

[Event "Sydney International Open"]
[Site "Parramatta, NSW"]
[Date "2009.04.17"]
[Round "6.48"]
[White "Setiabudi, Allen"]
[Black "Zamahari, Abang Draup"]
[Result "1-0"]
[WhiteElo "1843"]
[BlackElo "1636"]
[PlyCount "53"]
[EventDate "2009.04.15"]
[EventType "swiss"]
[EventRounds "9"]
[EventCountry "AUS"]
[SourceDate "2009.04.15"]

1. d4 d5 2. Nf3 Nf6 3. c4 b6 4. Nc3 e6 5. Bg5 Be7 6. g3 h6 7. Bf4 dxc4 8. Bg2
Bb7 9. O-O Bd6 10. Qa4+ Nbd7 11. Qxc4 Bxf4 12. gxf4 O-O 13. Rfd1 c6 14. e4 b5
15. Qe2 Qc8 16. Rac1 Ba6 17. b4 Nb6 18. Ne5 Bb7 19. d5 exd5 20. exd5 Nfxd5 21.
Nxd5 Qe6 22. Nc7 Qe7 23. Nxa8 f6 24. Nxb6 axb6 25. Rd7 Qxb4 26. Qg4 g5 27. Qe6+
1-0

[Event "Sydney International Open"]
[Site "Parramatta, NSW"]
[Date "2009.04.17"]
[Round "6.49"]
[White "Rachmadi, Herman"]
[Black "McKenzie, Mark"]
[Result "1-0"]
[WhiteElo "1842"]
[BlackElo "1203"]
[PlyCount "63"]
[EventDate "2009.04.15"]
[EventType "swiss"]
[EventRounds "9"]
[EventCountry "AUS"]
[SourceDate "2009.04.15"]

1. d4 d5 2. c4 Nf6 3. Nc3 e6 4. Nf3 c5 5. Bg5 Be7 6. e3 Ne4 7. Bxe7 Qxe7 8. Qb3
Nxc3 9. Qxc3 Nc6 10. cxd5 cxd4 11. Nxd4 Nxd4 12. Qxd4 exd5 13. Bb5+ Kf8 14. O-O
Qe4 15. Qc5+ Kg8 16. Rac1 Bf5 17. Rfd1 Be6 18. f3 Qe5 19. e4 Qxb2 20. exd5 Bf5
21. d6 Bd7 22. Bxd7 Qb6 23. Qxb6 axb6 24. Bc8 g6 25. d7 Kg7 26. d8=Q Rxd8 27.
Rxd8 b5 28. g4 b6 29. g5 b4 30. Re1 Rxa2 31. Ree8 Ra1+ 32. Kg2 1-0

[Event "Sydney International Open"]
[Site "Parramatta, NSW"]
[Date "2009.04.18"]
[Round "7.1"]
[White "Johansen, Darryl"]
[Black "Akshayraj, Kore"]
[Result "1-0"]
[WhiteElo "2452"]
[BlackElo "2404"]
[PlyCount "31"]
[EventDate "2009.04.15"]
[EventType "swiss"]
[EventRounds "9"]
[EventCountry "AUS"]
[SourceDate "2009.04.15"]

1. c4 e5 2. g3 g6 3. Nc3 Bg7 4. Bg2 Nf6 5. d3 O-O 6. e4 d6 7. Nge2 c6 8. O-O a6
9. a4 a5 10. h3 Kh8 11. Be3 Na6 12. f4 Ng8 13. d4 Be6 14. b3 Qd7 15. f5 gxf5
16. d5 1-0

[Event "Sydney International Open"]
[Site "Parramatta, NSW"]
[Date "2009.04.18"]
[Round "7.2"]
[White "Xie, George"]
[Black "Ghane Gardeh, Shojaat"]
[Result "1/2-1/2"]
[WhiteElo "2402"]
[BlackElo "2415"]
[PlyCount "140"]
[EventDate "2009.04.15"]
[EventType "swiss"]
[EventRounds "9"]
[EventCountry "AUS"]
[SourceDate "2009.04.15"]

1. d4 Nf6 2. Nf3 d5 3. c4 c6 4. Nc3 dxc4 5. a4 e6 6. e3 c5 7. Bxc4 Be7 8. O-O
O-O 9. Qe2 Nc6 10. Rd1 cxd4 11. exd4 Nb4 12. Bf4 Nfd5 13. Bg3 b6 14. Ne5 Bb7
15. a5 bxa5 16. Na4 Rc8 17. Bb3 Ba6 18. Qd2 f6 19. Nf3 Kh8 20. Nc3 Nxc3 21.
bxc3 Nd5 22. Rdc1 Qb6 23. Rab1 Qd8 24. c4 Bb4 25. Qb2 Ne7 26. c5 Qd7 27. Qa2
Nd5 28. Bd6 Rfe8 29. Bxd5 exd5 30. Rxb4 axb4 31. Qxa6 Rc6 32. Qa1 a5 33. h3 a4
34. Rb1 b3 35. Bg3 Rcc8 36. Nd2 Re2 37. Qc3 Qe6 38. Qb4 Qf5 39. Rb2 Qc2 40.
Rxc2 bxc2 41. Nb3 axb3 42. Bf4 Re1+ 43. Kh2 Rb1 44. Qc3 g5 45. Bd2 Rd1 46. Be3
Rb8 47. Qb2 Rb1 48. Qa3 Rh1+ 49. Kg3 b2 50. c6 c1=Q 51. Qd6 b1=Q 52. Qxf6+ Kg8
53. Qe6+ Kg7 54. Qe5+ Kf7 55. Qxd5+ Kf8 56. Qd6+ Kg7 57. Qe5+ Kg6 58. Qe6+ Kh5
59. Qg4+ Kg6 60. Qe6+ Kg7 61. Qe5+ Kf7 62. Qd5+ Ke7 63. Qe5+ Kd8 64. Qd6+ Ke8
65. Qe6+ Kf8 66. Qf6+ Kg8 67. Qe6+ Kg7 68. Qe5+ Kf7 69. Qd5+ Kg7 70. Qe5+ Kf7
1/2-1/2

[Event "Sydney International Open"]
[Site "Parramatta, NSW"]
[Date "2009.04.18"]
[Round "7.3"]
[White "Sengupta, Deep"]
[Black "Zhao, Zong Yuan"]
[Result "1/2-1/2"]
[WhiteElo "2466"]
[BlackElo "2583"]
[Annotator "Whiz"]
[PlyCount "70"]
[EventDate "2009.04.15"]
[EventType "swiss"]
[EventRounds "9"]
[EventCountry "AUS"]
[SourceDate "2009.04.15"]

1. e4 c5 2. Nc3 Nc6 3. g3 g6 4. Bg2 Bg7 5. d3 d6 6. Nge2 e6 7. O-O Nge7 8. Bg5
O-O 9. Qd2 e5 10. a3 Be6 11. Rab1 Qd7 12. b4 b6 13. Nd5 f6 14. Be3 Nd4 15. c4
Nxe2+ 16. Qxe2 Nc6 17. f4 Nd4 18. Qd2 Rae8 19. Rf2 Bxd5 20. cxd5 exf4 21. Bxf4
f5 22. Kh1 fxe4 23. Bxe4 c4 24. Be3 Rxf2 25. Qxf2 Rf8 26. Qd2 Qg4 27. Bg2 Nf3
28. Qd1 Qh5 (28... c3 29. Bf4 (29. Rc1 Be5 30. d4 Bxg3 31. h3 Qh4 32. Rxc3 Be1
33. Rd3 Qg3 34. Bg1) 29... Ne5) 29. h3 c3 30. Rc1 Nd4 (30... Re8 31. Bf2 Nd2
32. Qxh5 gxh5 33. d4 Re2 34. Bg1 Nb1 35. Rxb1 c2 36. Rf1 Bh6 37. Bf3 Re7 38. b5
(38. Bxh5 b5) 38... Rc7 39. Bxh5 c1=Q 40. Rxc1 Rxc1 41. Kg2 Rc2+ 42. Kf1 Ra2
43. Be2 Rxa3) 31. Qxh5 gxh5 32. Rxc3 Nf5 33. d4 Nxe3 34. Rxe3 Bxd4 35. Re7 Rf7
1/2-1/2

[Event "Sydney International Open"]
[Site "Parramatta, NSW"]
[Date "2009.04.18"]
[Round "7.4"]
[White "Kunte, Abhijit"]
[Black "Swathi, Ghate"]
[Result "1/2-1/2"]
[WhiteElo "2513"]
[BlackElo "2330"]
[PlyCount "27"]
[EventDate "2009.04.15"]
[EventType "swiss"]
[EventRounds "9"]
[EventCountry "AUS"]
[SourceDate "2009.04.15"]

1. d4 d5 2. c4 c6 3. Nf3 Nf6 4. e3 Bf5 5. Nc3 e6 6. Nh4 Bg6 7. a3 Nbd7 8. Be2
Bd6 9. Nxg6 hxg6 10. g3 dxc4 11. Bxc4 Nb6 12. Be2 e5 13. O-O Qd7 14. f4 1/2-1/2

[Event "Sydney International Open"]
[Site "Parramatta, NSW"]
[Date "2009.04.18"]
[Round "7.5"]
[White "Sriram, Jha"]
[Black "Zibaei, Abdoulla"]
[Result "1-0"]
[WhiteElo "2453"]
[BlackElo "2067"]
[PlyCount "71"]
[EventDate "2009.04.15"]
[EventType "swiss"]
[EventRounds "9"]
[EventCountry "AUS"]
[SourceDate "2009.04.15"]

1. d4 Nf6 2. c4 c5 3. d5 b5 4. cxb5 a6 5. bxa6 g6 6. Nc3 Bxa6 7. Nf3 d6 8. g3
Bg7 9. Bg2 O-O 10. O-O Nbd7 11. Rb1 Nb6 12. b3 Qd7 13. Re1 Rfb8 14. e4 Ne8 15.
Qc2 Nc7 16. Bb2 Bb7 17. h4 Na6 18. a3 Nc7 19. h5 Qg4 20. hxg6 hxg6 21. Rbd1 Qd7
22. e5 Rf8 23. e6 fxe6 24. dxe6 Qe8 25. Nh4 Bxg2 26. Kxg2 Rf6 27. Na4 Qc6+ 28.
Kg1 Raf8 29. Bxf6 Rxf6 30. Nxb6 Qxb6 31. Nxg6 Rf3 32. Nxe7+ Kf8 33. Ng6+ Ke8
34. Nh4 Rf6 35. Nf5 Bh6 36. Nxd6+ 1-0

[Event "Sydney International Open"]
[Site "Parramatta, NSW"]
[Date "2009.04.18"]
[Round "7.6"]
[White "Mohota, Nisha"]
[Black "Reinderman, Dimitri"]
[Result "1/2-1/2"]
[WhiteElo "2304"]
[BlackElo "2560"]
[Annotator "Whiz"]
[PlyCount "76"]
[EventDate "2009.04.15"]
[EventType "swiss"]
[EventRounds "9"]
[EventCountry "AUS"]
[SourceDate "2009.04.15"]

1. d4 e6 2. c4 b6 3. a3 Bb7 4. d5 Nf6 5. Nc3 exd5 6. cxd5 b5 7. g3 Na6 8. Bg2
b4 9. axb4 Nxb4 10. Nh3 Bc5 11. O-O O-O 12. Bg5 h6 13. Ne4 hxg5 14. Nxc5 Bxd5
15. Nxg5 Qe7 16. Nd3 Bxg2 17. Kxg2 a5 18. Nf4 d5 19. Ra3 Qe5 20. h4 Qxb2 21.
Qa4 c5 22. Nf3 Ne4 23. Rb3 Qf6 24. Nxd5 Qd6 25. Ne3 Qa6 26. Rb2 Nc3 27. Qa1 a4
28. Rc1 a3 29. Rxc3 axb2 30. Qxb2 Rfc8 31. Qd2 Rd8 32. Qe1 Qb5 33. Rc4 Ra2 34.
Qc3 f6 35. Qb3 Kh7 36. Qb1+ Kh8 37. Rxb4 Qxe2 38. Rb8 Qxf2+ (38... Qxf2+ 39.
Kh3 Rxb8 40. Qxb8+ Kh7 41. Qb1+ g6 42. Qe4 Re2 43. Qe7+ Kg8) 1/2-1/2

[Event "Sydney International Open"]
[Site "Parramatta, NSW"]
[Date "2009.04.18"]
[Round "7.7"]
[White "Jones, Gawain"]
[Black "Rej, Tomek"]
[Result "1-0"]
[WhiteElo "2550"]
[BlackElo "2308"]
[PlyCount "81"]
[EventDate "2009.04.15"]
[EventType "swiss"]
[EventRounds "9"]
[EventCountry "AUS"]
[SourceDate "2009.04.15"]

1. e4 e5 2. Nf3 Nc6 3. Bb5 a6 4. Bxc6 dxc6 5. O-O Qf6 6. h3 Ne7 7. c3 Ng6 8. d4
Bd7 9. Kh1 h6 10. Nxe5 Nxe5 11. dxe5 Qxe5 12. f4 Qd6 13. Qe2 O-O-O 14. Be3 g5
15. f5 c5 16. Na3 Qe5 17. Bg1 Re8 18. Rae1 Bc6 19. Rf3 Bd6 20. Re3 b5 21. Qh5
Qf4 22. Qe2 f6 23. Nc2 h5 24. b4 g4 25. bxc5 Bxc5 26. Nd4 Bxd4 27. cxd4 gxh3
28. Bh2 hxg2+ 29. Kg1 Qg4 30. Qc2 Kb7 31. d5 Bxd5 32. exd5 Rxe3 33. Qxc7+ Ka8
34. Qc6+ Ka7 35. Qc5+ Ka8 36. Rxe3 Qd1+ 37. Kxg2 Rg8+ 38. Bg3 Rxg3+ 39. Rxg3
Qe2+ 40. Qf2 Qe4+ 41. Kg1 1-0